[Event "1st EUR-ch"]
[Site "Saint Vincent ITA"]
[Date "2000.07.05"]
[Round "3"]
[White "Kharlov, Andrei"]
[Black "Lalic, Bogdan"]
[Result "1/2-1/2"]
[WhiteElo "2627"]
[BlackElo "2520"]
[EventDate "2000.07.03"]
[PlyCount "42"]

1.g3 Nf6 2.Bg2 d5 3.Nf3 g6 4.d4 Bg7 5.O-O O-O 6.c4 dxc4 7.Na3 Nc6 8.Nxc4 
Be6 9.b3 a5 10.Bb2 Bd5 11.Rc1 a4 12.bxa4 Ra6 13.Nfe5 Bxg2 14.Kxg2 Qa8 15.
Nxc6 bxc6 16.a5 c5+ 17.Kg1 Rd8 18.d5 Nxd5 19.Qc2 Nb4 20.Qb3 Bxb2 21.Qxb2 
Nc6 1/2-1/2

[Event "1st EUR-ch"]
[Site "Saint Vincent ITA"]
[Date "2000.07.05"]
[Round "3"]
[White "Lutz, Christopher"]
[Black "David, Alberto"]
[Result "1/2-1/2"]
[WhiteElo "2595"]
[BlackElo "2487"]
[EventDate "2000.07.03"]
[PlyCount "81"]

1.e4 c5 2.Nf3 e6 3.d4 cxd4 4.Nxd4 Nf6 5.Nc3 d6 6.Be3 a6 7.f3 b5 8.g4 h6 9.
Qd2 Nbd7 10.O-O-O Bb7 11.Bd3 Ne5 12.Rhe1 Rc8 13.Kb1 Nfd7 14.f4 Nc4 15.Qe2 
Nxe3 16.Qxe3 Qb6 17.Nd5 Qa7 18.Rf1 Ba8 19.c3 exd5 20.e5 dxe5 21.fxe5 Nc5 
22.e6 f6 23.Bg6+ Kd8 24.Nf5 Qc7 25.Rfe1 Be7 26.Qf3 Rb8 27.Rxd5+ Bxd5 28.
Qxd5+ Kc8 29.b4 Na4 30.Qd7+ Qxd7 31.exd7+ Kxd7 32.Rxe7+ Kc6 33.Nd4+ Kd6 
34.Re6+ Kd7 35.Rc6 Rb6 36.Bf5+ Ke7 37.Rc7+ Kd6 38.Rd7+ Ke5 39.Re7+ Kd6 40.
Rd7+ Ke5 41.Re7+ 1/2-1/2

[Event "1st EUR-ch"]
[Site "Saint Vincent ITA"]
[Date "2000.07.05"]
[Round "3"]
[White "Macieja, Bartlomiej"]
[Black "Alexandrov, Alexei"]
[Result "1/2-1/2"]
[WhiteElo "2536"]
[BlackElo "2591"]
[EventDate "2000.07.03"]
[PlyCount "46"]

1.e4 e5 2.Nf3 Nc6 3.d4 exd4 4.Nxd4 Qf6 5.Nxc6 Bc5 6.Qd2 dxc6 7.Nc3 Ne7 8.
Na4 Bd6 9.f4 Qe6 10.Bd3 f5 11.e5 Nd5 12.Qe2 Bb4+ 13.c3 Be7 14.c4 Nb6 15.
Nxb6 axb6 16.Be3 Qf7 17.O-O Be6 18.b3 O-O 19.Rad1 Rad8 20.Bc2 g6 21.h3 h5 
22.Bf2 h4 23.Kh1 Qh7 1/2-1/2

[Event "1st EUR-ch"]
[Site "Saint Vincent ITA"]
[Date "2000.07.05"]
[Round "3"]
[White "Markowski, Tomasz"]
[Black "Azmaiparashvili, Zurab"]
[Result "1/2-1/2"]
[WhiteElo "2568"]
[BlackElo "2673"]
[EventDate "2000.07.03"]
[PlyCount "81"]

1.Nf3 g6 2.d4 Bg7 3.e3 d6 4.Be2 f5 5.O-O Nf6 6.b4 e5 7.c4 e4 8.Nfd2 c5 9.
bxc5 dxc5 10.Nb3 cxd4 11.Nxd4 O-O 12.Ba3 Re8 13.Nc3 Nc6 14.Nxc6 bxc6 15.
Qa4 Bd7 16.Bd6 Ng4 17.c5 Ne5 18.Rfd1 Nf7 19.Bc4 Be6 20.Be5 Qe7 21.Bxg7 
Bxc4 22.Bd4 Qe6 23.Rab1 Re7 24.Rb4 Bd3 25.Rd2 Rd8 26.Rdb2 h5 27.Rb7 Rxb7 
28.Rxb7 a6 29.h4 f4 30.Rb6 fxe3 31.fxe3 Rc8 32.Qb3 Nd8 33.Qb2 Qe7 34.g3 
Qf7 35.Rb8 Qf1+ 36.Kh2 Rxb8 37.Qxb8 Qf2+ 38.Kh1 Qe1+ 39.Kh2 Qf2+ 40.Kh1 
Qf1+ 41.Kh2 1/2-1/2

[Event "1st EUR-ch"]
[Site "Saint Vincent ITA"]
[Date "2000.07.05"]
[Round "3"]
[White "Mikhalevski, Alexander"]
[Black "Calzetta Ruiz, Monica"]
[Result "1/2-1/2"]
[WhiteElo "2464"]
[BlackElo "2282"]
[EventDate "2000.07.03"]
[PlyCount "166"]

1.d4 Nf6 2.c4 c5 3.d5 b5 4.cxb5 a6 5.b6 e6 6.Nc3 Nxd5 7.Nxd5 exd5 8.Qxd5 
Nc6 9.Nf3 Rb8 10.e4 Be7 11.Bc4 O-O 12.O-O Rxb6 13.Ng5 Qe8 14.Qf5 Bxg5 15.
Qxg5 d6 16.Bf4 Nd4 17.Rae1 Be6 18.Bd5 Kh8 19.b3 f6 20.Qg3 Bxd5 21.Bxd6 
Rxd6 22.Qxd6 Bg8 23.Qxc5 Ne6 24.Qb6 Qa8 25.Qe3 Rd8 26.Rd1 h6 27.f3 Qb8 28.
Rxd8 Qxd8 29.Rc1 a5 30.Kf2 Qd7 31.Rc2 a4 32.Rd2 Qc7 33.g3 axb3 34.axb3 Qc1
35.Qe2 Qc3 36.Qe3 Qc1 37.Kg2 Nc5 38.b4 Nb3 39.Rd3 Qc4 40.Rd8 Qxb4 41.e5 
fxe5 42.Qxe5 Qc4 43.Rd7 Bf7 44.Rd8+ Kh7 45.Qe4+ Qxe4 46.fxe4 Nc5 47.Kf3 
Kg6 48.Rd6+ Ne6 49.Rd7 Kf6 50.Ke3 Bg6 51.Rd5 Ng5 52.Rd6+ Ne6 53.Ra6 Bh5 
54.h3 Bf7 55.Ra5 h5 56.Rf5+ Ke7 57.h4 Be8 58.Ra5 Kf6 59.Rf5+ Ke7 60.Rf1 
Bc6 61.e5 g5 62.hxg5 Nxg5 63.Rf5 Nf7 64.Rxh5 Ke6 65.Kf4 Ba4 66.Rf5 Bb3 67.
g4 Ke7 68.Rf6 Nd8 69.g5 Ne6+ 70.Kg4 Nf8 71.Rc6 Bd5 72.Rd6 Bf7 73.Ra6 Bg6 
74.Ra8 Bf7 75.Ra7+ Ke6 76.Kf4 Bg6 77.Ra6+ Ke7 78.Rf6 Bf7 79.Kf5 Be6+ 80.
Ke4 Bf7 81.Kf4 Bg6 82.Ke3 Bf7 83.Kf3 Nh7 1/2-1/2

[Event "1st EUR-ch"]
[Site "Saint Vincent ITA"]
[Date "2000.07.05"]
[Round "3"]
[White "Mikhalevski, Victor"]
[Black "Drei, Andrea"]
[Result "1/2-1/2"]
[WhiteElo "2532"]
[BlackElo "2350"]
[EventDate "2000.07.03"]
[PlyCount "252"]

1.d4 Nf6 2.c4 e6 3.Nf3 b6 4.a3 Ba6 5.Qc2 c5 6.e4 cxd4 7.Nxd4 Bc5 8.Nb3 Nc6
9.Bf4 Nd4 10.Nxd4 Bxd4 11.Nd2 Ng4 12.Bg3 Qf6 13.e5 Bxf2+ 14.Ke2 Qg5 15.
Bxf2 Qxe5+ 16.Qe4 Bxc4+ 17.Ke1 Bxf1 18.Qxe5 Nxe5 19.Rxf1 Nd3+ 20.Ke2 Nxf2 
21.Rxf2 Rc8 22.a4 Ke7 23.Rf3 Rc5 24.a5 bxa5 25.Rb3 Re5+ 26.Kd1 Rh5 27.h3 
Rg5 28.Rb7 a6 29.Ra3 Rxg2 30.Rd3 Rd8 31.Ne4 Ke8 32.Nd6+ Kf8 33.Kc1 f5 34.
Rc7 Rg1+ 35.Kc2 Rg2+ 36.Kc3 Rg1 37.Kc2 Rg2+ 38.Kb1 Rb8 39.Nb7 d5 40.Re3 f4
41.Rd3 Kg8 42.Re7 Rg3 43.Rd2 f3 44.Rf2 e5 45.Nd6 e4 46.Nf5 Rg5 47.Ne3 Rb3 
48.Rc2 h5 49.Nd1 Rg1 50.Ka2 Rd3 51.Nf2 Re3 52.Rcc7 Rg3 53.h4 Rg2 54.Nh3 f2
55.Nxf2 Re2 56.Nh3 Rxb2+ 57.Ka3 Ra2+ 58.Kb3 Rab2+ 59.Kc3 Rb4 60.Rc8+ Kh7 
61.Ng5+ Kg6 62.Rc6+ Kf5 63.Ne6 Rg3+ 64.Kc2 Rc4+ 65.Rxc4 dxc4 66.Nxg7+ Kg4 
67.Rxe4+ Kf3 68.Re7 Kg4 69.Re5 Rg2+ 70.Kc3 Kxh4 71.Rxh5+ Kg4 72.Rxa5 Kf4 
73.Ne6+ Ke4 74.Nc5+ Kd5 75.Nxa6+ Kc6 76.Nb4+ Kb6 77.Rf5 Rg1 78.Nd5+ Kc6 
79.Nf4 Kd6 80.Kxc4 Rg8 81.Kd4 Ra8 82.Rf6+ Kd7 83.Nd5 Ra1 84.Ne3 Ke7 85.Rb6
Kd7 86.Ke5 Re1 87.Rb3 Kc6 88.Rc3+ Kd7 89.Kd5 Ke7 90.Ra3 Kf6 91.Rb3 Ra1 92.
Rb6+ Kg5 93.Ke5 Re1 94.Rb3 Ra1 95.Rb2 Ra5+ 96.Nd5 Kg4 97.Rb3 Rc5 98.Ra3 
Rb5 99.Ke4 Rb8 100.Ne3+ Kg5 101.Ra5+ Kg6 102.Nd5 Re8+ 103.Kf4 Rf8+ 104.Kg4
Rf1 105.Nf4+ Kf7 106.Kf5 Ke7 107.Rd5 Rf3 108.Rd1 Rf2 109.Ke5 Ra2 110.Nd5+ 
Kf7 111.Rf1+ Kg7 112.Rb1 Ra5 113.Ke6 Ra6+ 114.Kf5 Ra5 115.Rb7+ Kh6 116.Rd7
Rb5 117.Kf6 Kh5 118.Kf5 Kh6 119.Rd6+ Kh5 120.Kf4 Ra5 121.Nc3 Ra1 122.Ne4 
Rf1+ 123.Ke3 Re1+ 124.Kf3 Rf1+ 125.Kg2 Ra1 126.Rf6 Kg4 1/2-1/2

[Event "1st EUR-ch"]
[Site "Saint Vincent ITA"]
[Date "2000.07.05"]
[Round "3"]
[White "Mittelman, Gur"]
[Black "Fressinet, Laurent"]
[Result "1/2-1/2"]
[WhiteElo "2419"]
[BlackElo "2536"]
[EventDate "2000.07.03"]
[PlyCount "42"]

1.d4 d5 2.c4 e6 3.Nf3 c6 4.Qb3 Nf6 5.g3 dxc4 6.Qxc4 b5 7.Qd3 Bb7 8.Bg2 
Nbd7 9.Bg5 a6 10.a4 Be7 11.O-O O-O 12.Nbd2 Qb6 13.Bxf6 Nxf6 14.Nb3 Rac8 
15.Rfc1 Nd7 16.Nfd2 c5 17.Bxb7 Qxb7 18.axb5 axb5 19.dxc5 Nxc5 20.Nxc5 Bxc5
21.Ne4 Be7 1/2-1/2

[Event "1st EUR-ch"]
[Site "Saint Vincent ITA"]
[Date "2000.07.05"]
[Round "3"]
[White "Romanishin, Oleg"]
[Black "Vukovic, Zdravko"]
[Result "1-0"]
[WhiteElo "2591"]
[BlackElo "2471"]
[EventDate "2000.07.03"]
[PlyCount "81"]

1.Nf3 e6 2.g3 b5 3.Bg2 Bb7 4.O-O Be7 5.d3 Nf6 6.e4 d6 7.Na3 a6 8.c4 c6 9.
Re1 O-O 10.d4 bxc4 11.e5 dxe5 12.dxe5 Nd5 13.Nxc4 c5 14.h4 Nc6 15.Bg5 Rb8 
16.Qe2 h6 17.Bxe7 Qxe7 18.Rad1 Rfd8 19.Rd2 a5 20.a3 Ba6 21.Qe4 Rb3 22.Ne3 
Nxe3 23.Rxe3 Rxe3 24.Qxe3 Rd5 25.Rxd5 exd5 26.Qb3 Qd8 27.Qe3 Qe7 28.Nd2 
Nxe5 29.Bxd5 Qd6 30.Bg2 Kf8 31.Qc3 a4 32.Qa5 Be2 33.Qa8+ Ke7 34.Bd5 f5 35.
Qg8 Qf6 36.Bg2 Nf7 37.Qb8 Qd4 38.Qb7+ Qd7 39.f4 Nd6 40.Qd5 Qc7 41.Qe5+ 1-0

[Event "1st EUR-ch"]
[Site "Saint Vincent ITA"]
[Date "2000.07.05"]
[Round "3"]
[White "Sax, Gyula"]
[Black "Odeev, Handszar"]
[Result "1/2-1/2"]
[WhiteElo "2563"]
[BlackElo "2442"]
[EventDate "2000.07.03"]
[PlyCount "67"]

1.e4 c5 2.Nf3 d6 3.d4 cxd4 4.Nxd4 Nf6 5.Nc3 a6 6.f3 Qb6 7.Nb3 e6 8.Qe2 Qc7
9.g4 b5 10.a3 Nc6 11.Bg2 Be7 12.f4 Bb7 13.O-O Nd7 14.Be3 Nb6 15.a4 Nxa4 
16.Nxa4 bxa4 17.Rxa4 O-O 18.g5 a5 19.f5 Ba6 20.c4 Rab8 21.Nd2 Rxb2 22.f6 
Bd8 23.Qh5 Ne5 24.Rf4 Ng6 25.Rf3 Re8 26.fxg7 Kxg7 27.Bd4+ e5 28.Bxb2 Qb6+ 
29.c5 Qxb2 30.Rxf7+ Kxf7 31.Qxh7+ Kf8 32.Qh6+ Kf7 33.Qh7+ Kf8 34.Qh6+ 
1/2-1/2

[Event "1st EUR-ch"]
[Site "Saint Vincent ITA"]
[Date "2000.07.05"]
[Round "3"]
[White "Smirin, Ilia"]
[Black "Epishin, Vladimir"]
[Result "1/2-1/2"]
[WhiteElo "2677"]
[BlackElo "2567"]
[EventDate "2000.07.03"]
[PlyCount "62"]

1.e4 c6 2.d4 d5 3.Nd2 dxe4 4.Nxe4 Bf5 5.Ng3 Bg6 6.h4 h6 7.Nf3 Nf6 8.Ne5 
Bh7 9.Bc4 e6 10.Qe2 Nd5 11.Bd2 Nd7 12.Bd3 Bxd3 13.Qxd3 N5f6 14.f4 c5 15.
O-O-O Be7 16.dxc5 Nxe5 17.Qxd8+ Rxd8 18.fxe5 Nd7 19.b4 b6 20.cxb6 Nxb6 21.
c3 Rc8 22.Kb2 O-O 23.Ne4 a5 24.Nd6 Bxd6 25.exd6 Rfd8 26.Kb3 Rxd6 27.Be3 
Nd5 28.Bc5 Rdc6 29.Be3 Rb8 30.Bd4 f6 31.Rhe1 h5 1/2-1/2

[Event "1st EUR-ch"]
[Site "Saint Vincent ITA"]
[Date "2000.07.05"]
[Round "3"]
[White "Solak, Dragan"]
[Black "Morovic, Ivan"]
[Result "1/2-1/2"]
[WhiteElo "2490"]
[BlackElo "2608"]
[EventDate "2000.07.03"]
[PlyCount "84"]

1.e4 c6 2.c4 d5 3.exd5 cxd5 4.cxd5 Nf6 5.Nc3 Nxd5 6.d4 Nc6 7.Nf3 Bg4 8.Qb3
Bxf3 9.gxf3 Nb6 10.Be3 e6 11.O-O-O Be7 12.f4 O-O 13.f5 exf5 14.f4 Rc8 15.
Qb5 Nb4 16.Kb1 N6d5 17.Bd2 a6 18.Qa4 Nxc3+ 19.bxc3 b5 20.Qb3 Nd5 21.Bd3 
Qd7 22.h4 Bf6 23.h5 Rc6 24.Rc1 Rb8 25.c4 Ne7 26.d5 Rcc8 27.cxb5 Nxd5 28.
Rhd1 Rxc1+ 29.Rxc1 axb5 30.Rc5 Nc7 31.Ba5 Ne6 32.Rxb5 Rc8 33.Rb8 Nc5 34.
Rxc8+ Qxc8 35.Qc4 Qd7 36.Bc2 Ne4 37.a4 h6 38.Bb4 Be7 39.a5 Bxb4 40.Qxb4 
Qc6 41.Qb6 Qc3 42.Bxe4 fxe4 1/2-1/2

[Event "1st EUR-ch"]
[Site "Saint Vincent ITA"]
[Date "2000.07.05"]
[Round "3"]
[White "Ubezio, Marco"]
[Black "Rasmussen, Karsten"]
[Result "0-1"]
[WhiteElo "2209"]
[BlackElo "2417"]
[EventDate "2000.07.03"]
[PlyCount "118"]

1.d4 d5 2.Bg5 h6 3.Bh4 c6 4.Nf3 Bf5 5.e3 Nd7 6.c4 Ngf6 7.Nc3 e6 8.cxd5 
exd5 9.Bd3 Bxd3 10.Qxd3 Be7 11.O-O O-O 12.Rab1 a5 13.a3 Ne4 14.Nxe4 Bxh4 
15.Nd6 Ra7 16.Nxh4 Qxh4 17.Nf5 Qf6 18.e4 dxe4 19.Qxe4 Nb6 20.Rfe1 Nd5 21.
Ne7+ Nxe7 22.Qxe7 Rd8 23.Rbd1 Raa8 24.Kf1 Qf4 25.g3 Qf3 26.Qe4 Qb3 27.Rd2 
Rd5 28.Re3 Qc4+ 29.Qd3 Qxd3+ 30.Rdxd3 Kf8 31.Ke2 Rad8 32.Re5 a4 33.Ke3 f6 
34.Rxd5 Rxd5 35.b4 Ke7 36.Kd2 Kd6 37.Ke3 Rh5 38.h4 g5 39.hxg5 fxg5 40.Ke4 
Rh1 41.Rf3 Ke6 42.g4 Rg1 43.Re3 Kf6 44.f3 Rd1 45.Re2 Ra1 46.Re3 Ke6 47.Rd3
Kd6 48.Rc3 Rb1 49.Rd3 Rb3 50.Re3 Kc7 51.Rd3 Kb6 52.Rd2 Rxa3 53.Rh2 Ra1 54.
Rxh6 a3 55.Kf5 Rf1 56.Rh2 Rxf3+ 57.Kxg5 Kb5 58.Kh6 Kxb4 59.g5 Rf8 0-1

[Event "1st EUR-ch"]
[Site "Saint Vincent ITA"]
[Date "2000.07.05"]
[Round "3"]
[White "Van der Weide, Karel"]
[Black "Kennaugh, Charles"]
[Result "1-0"]
[WhiteElo "2467"]
[BlackElo "2289"]
[EventDate "2000.07.03"]
[PlyCount "101"]

1.e4 e5 2.Nf3 Nc6 3.Bb5 a6 4.Bxc6 dxc6 5.O-O Ne7 6.Nxe5 Qd4 7.Qh5 g6 8.Qg5
Bg7 9.Nd3 f5 10.e5 Qg4 11.Qe3 Nd5 12.Qe1 f4 13.f3 Qh5 14.Nc3 O-O 15.b3 Bf5
16.Ne4 g5 17.Bb2 Rae8 18.Qe2 b6 19.Ndf2 Qg6 20.Rae1 c5 21.a3 a5 22.Qc4 Be6
23.Qd3 Kh8 24.Qe2 Rd8 25.Ng4 Bxg4 26.fxg4 h6 27.Rf3 Ne7 28.Rd3 Nc6 29.Nf2 
Qe6 30.Rxd8 Rxd8 31.Nd3 c4 32.bxc4 Qxc4 33.Bc3 Re8 34.Qe4 Qxe4 35.Rxe4 Re6
36.Kf2 Kg8 37.Kf3 Kf7 38.a4 Ke7 39.Re1 Kd7 40.h4 Ne7 41.hxg5 hxg5 42.Rh1 
Rg6 43.Ke4 Ke6 44.Ne1 Kf7 45.Rh5 Rc6 46.Rxg5 Bh6 47.Rh5 Kg6 48.Nf3 Rc4+ 
49.Kd3 Rxa4 50.Nh4+ Kg7 51.e6+ 1-0

[Event "1st EUR-ch"]
[Site "Saint Vincent ITA"]
[Date "2000.07.05"]
[Round "3"]
[White "Yakovich, Yury"]
[Black "Kuczynski, Robert"]
[Result "1/2-1/2"]
[WhiteElo "2585"]
[BlackElo "2479"]
[EventDate "2000.07.03"]
[PlyCount "154"]

1.c4 f5 2.d4 Nf6 3.Nc3 d6 4.Nf3 g6 5.g3 Bg7 6.Bg2 O-O 7.O-O c6 8.Re1 Na6 
9.e4 Nxe4 10.Nxe4 fxe4 11.Rxe4 Bf5 12.Re1 Qd7 13.Bg5 Rae8 14.Qd2 Bg4 15.
Nh4 e5 16.dxe5 Bxe5 17.Bh6 Bg7 18.Bxg7 Qxg7 19.h3 Be6 20.b3 Qf6 21.f4 Bf7 
22.Rxe8 Rxe8 23.Rd1 Rd8 24.Nf3 d5 25.Ne5 d4 26.Qa5 Rd6 27.c5 Qd8 28.Nxc6 
bxc6 29.Qxa6 Re6 30.Qd3 Qa5 31.Qd2 Qxc5 32.Qxd4 Qc2 33.Rd2 Qc1+ 34.Kh2 Qe1
35.Qf2 Qxf2 36.Rxf2 Rd6 37.g4 Kg7 38.Rc2 Bd5 39.Bxd5 Rxd5 40.Kg3 Rd3+ 41.
Kh4 Rd6 42.Rc3 h6 43.Kg3 Rd2 44.a3 a5 45.Kf3 h5 46.Ke3 Rg2 47.g5 h4 48.a4 
Rg3+ 49.Kd2 Rg2+ 50.Kd3 Rg3+ 51.Kd2 Rg2+ 52.Kd3 Rg3+ 53.Kc4 c5 54.Rd3 Kf7 
55.Rd7+ Kg8 56.Ra7 Rxh3 57.Rxa5 Rh1 58.Ra8+ Kg7 59.Ra7+ Kg8 60.Ra8+ Kg7 
61.Ra7+ Kg8 62.Rd7 Rc1+ 63.Kb5 Rc3 64.a5 Rxb3+ 65.Kxc5 h3 66.Rd2 Ra3 67.
Kb4 Ra1 68.Rh2 Rb1+ 69.Kc5 Ra1 70.Kb6 Rb1+ 71.Ka7 Rb3 72.a6 Kf7 73.Re2 Rb4
74.Rh2 Rb3 75.Rc2 Ke6 76.Rc7 h2 77.Rh7 Rb2 1/2-1/2

[Event "1st EUR-ch"]
[Site "Saint Vincent ITA"]
[Date "2000.07.06"]
[Round "4"]
[White "Alexandrov, Alexei"]
[Black "Vallejo Pons, Francisco"]
[Result "1-0"]
[WhiteElo "2591"]
[BlackElo "2554"]
[EventDate "2000.07.03"]
[PlyCount "85"]

1.d4 d5 2.c4 c6 3.Nc3 Nf6 4.e3 e6 5.Nf3 Nbd7 6.Bd3 dxc4 7.Bxc4 b5 8.Be2 
Bb7 9.O-O a6 10.e4 c5 11.e5 Nd5 12.a4 b4 13.Ne4 Qc7 14.Re1 h6 15.Bd2 cxd4 
16.Rc1 Qb6 17.Bd3 Nc5 18.Nxc5 Bxc5 19.Qe2 Rc8 20.Qe4 g5 21.Qg4 Ke7 22.a5 
Qxa5 23.h4 Rcg8 24.hxg5 hxg5 25.Nxg5 Kd7 26.Qf3 Rg7 27.Ne4 Be7 28.Nf6+ 
Bxf6 29.exf6 Rgg8 30.Be4 Rh4 31.Rc4 Qb6 32.Qd3 e5 33.Bf5+ Kd6 34.f3 a5 35.
Rec1 Nxf6 36.Be1 Rf4 37.Kh2 Nd5 38.Bh3 Rf6 39.Qh7 Qd8 40.Bh4 Rh8 41.Qe4 
Rxh4 42.Qxh4 d3 43.Rd1 1-0

[Event "1st EUR-ch"]
[Site "Saint Vincent ITA"]
[Date "2000.07.06"]
[Round "4"]
[White "Anastasian, Ashot"]
[Black "Mittelman, Gur"]
[Result "0-1"]
[WhiteElo "2571"]
[BlackElo "2419"]
[EventDate "2000.07.03"]
[PlyCount "114"]

1.d4 Nf6 2.c4 g6 3.Nc3 Bg7 4.e4 d6 5.Be2 O-O 6.Bg5 c5 7.d5 Qa5 8.Qd2 a6 9.
a4 b5 10.cxb5 Nbd7 11.Ra3 Qb4 12.f3 axb5 13.Bxb5 Ba6 14.Bxf6 Nxf6 15.Bxa6 
Rxa6 16.Nge2 Rb8 17.Ra2 Nd7 18.O-O Ne5 19.Rb1 Qc4 20.Ra3 Qb4 21.Ra2 Qc4 
22.Raa1 h5 23.h3 Rb3 24.Ra3 Qb4 25.Rxb3 Qxb3 26.Qd1 Qb4 27.Qc2 Nc4 28.Kh1 
Ra8 29.Qc1 Na5 30.Qd1 Nb3 31.Qd3 Nd4 32.Nc1 Nb3 33.N1a2 Qa5 34.Qc2 c4 35.
Qd1 Be5 36.Nc1 Nc5 37.N1e2 Nd3 38.Qd2 Nc5 39.Qc2 Nd3 40.Nd1 Qe1+ 41.Ng1 
Qg3 42.f4 Bxf4 43.Nf3 Ne1 44.Qf2 Qxf2 45.Nxf2 Nxf3 46.gxf3 Rxa4 47.Nd1 Kg7
48.Kg2 Kf6 49.Kf2 Ke5 50.Ke2 f5 51.exf5 Kxf5 52.Nc3 Rb4 53.Kd1 Be5 54.Kc2 
g5 55.Rf1 Kf6 56.Kc1 Bxc3 57.bxc3 Rb5 0-1

[Event "1st EUR-ch"]
[Site "Saint Vincent ITA"]
[Date "2000.07.06"]
[Round "4"]
[White "Azmaiparashvili, Zurab"]
[Black "Chernin, Alexander"]
[Result "1/2-1/2"]
[WhiteElo "2673"]
[BlackElo "2572"]
[EventDate "2000.07.03"]
[PlyCount "36"]

1.d4 Nf6 2.c4 c5 3.d5 b5 4.cxb5 a6 5.b6 Qxb6 6.Nc3 d6 7.Nf3 g6 8.Nd2 Bg7 
9.e4 O-O 10.Be2 Nbd7 11.Nc4 Qc7 12.Bf4 Nb6 13.Ne3 Bd7 14.a4 Rfb8 15.O-O 
Nc8 16.Nc4 Nb6 17.Ne3 Nc8 18.Nc4 Nb6 1/2-1/2

[Event "1st EUR-ch"]
[Site "Saint Vincent ITA"]
[Date "2000.07.06"]
[Round "4"]
[White "Bauer, Christian"]
[Black "Tregubov, Pavel"]
[Result "1/2-1/2"]
[WhiteElo "2562"]
[BlackElo "2620"]
[EventDate "2000.07.03"]
[PlyCount "37"]

1.e4 c5 2.Nf3 e6 3.b3 a6 4.Bb2 Nc6 5.d4 cxd4 6.Nxd4 Qf6 7.c3 Bc5 8.Be2 
Nge7 9.O-O O-O 10.Kh1 d5 11.exd5 exd5 12.Na3 Nxd4 13.cxd4 Bf5 14.Nc2 Bd6 
15.Kg1 Ng6 16.Ne3 Nf4 17.Nxf5 Qxf5 18.Bg4 Qf6 19.g3 1/2-1/2

[Event "1st EUR-ch"]
[Site "Saint Vincent ITA"]
[Date "2000.07.06"]
[Round "4"]
[White "Beliavsky, Alexander"]
[Black "Solak, Dragan"]
[Result "1-0"]
[WhiteElo "2654"]
[BlackElo "2490"]
[EventDate "2000.07.03"]
[PlyCount "91"]

1.d4 Nf6 2.c4 g6 3.Nc3 Bg7 4.e4 d6 5.Nf3 O-O 6.Be2 e5 7.O-O Nc6 8.d5 Ne7 
9.Nd2 Ne8 10.b4 f5 11.c5 Nf6 12.f3 f4 13.Nc4 g5 14.a4 Ng6 15.Ba3 Rf7 16.b5
Ne8 17.a5 Bf8 18.Na4 h5 19.b6 Bd7 20.bxc7 Qxc7 21.a6 bxa6 22.c6 Bc8 23.
Nab2 Rg7 24.Nd3 Nh8 25.Nf2 Nf7 26.h3 Nh6 27.Rb1 Qd8 28.Bb4 Nf6 29.Rb3 a5 
30.Bxa5 Qe8 31.c7 Qg6 32.Rb8 g4 33.hxg4 hxg4 34.Rxa8 Bd7 35.c8=Q Bxc8 36.
Rxc8 g3 37.Nh3 Nf7 38.Bb4 Ng5 39.Bxd6 Qh5 40.Bxf8 Nxh3+ 41.gxh3 Qxh3 42.
Bxg7+ Kxg7 43.Rc7+ Kg8 44.Rf2 gxf2+ 45.Kxf2 Qh4+ 46.Kg2 1-0

[Event "1st EUR-ch"]
[Site "Saint Vincent ITA"]
[Date "2000.07.06"]
[Round "4"]
[White "Bunzmann, Dimitrij"]
[Black "Yakovich, Yury"]
[Result "1/2-1/2"]
[WhiteElo "2484"]
[BlackElo "2585"]
[EventDate "2000.07.03"]
[PlyCount "52"]

1.c4 e5 2.a3 c6 3.e3 d5 4.d4 e4 5.Bd2 Nf6 6.cxd5 cxd5 7.Bb4 Bd6 8.Bxd6 
Qxd6 9.Ne2 O-O 10.Nbc3 Nc6 11.Nf4 Ne7 12.h4 Ng6 13.Nh5 Nxh5 14.Qxh5 Be6 
15.Qd1 Rfc8 16.Qb3 Rab8 17.Na4 Qd8 18.g3 Bg4 19.Nc3 Ne7 20.Be2 Bxe2 21.
Nxe2 Rc4 22.O-O b5 23.Rfc1 Qd6 24.Qa2 Rbc8 25.b3 Rxc1+ 26.Rxc1 Rxc1+ 
1/2-1/2

[Event "1st EUR-ch"]
[Site "Saint Vincent ITA"]
[Date "2000.07.06"]
[Round "4"]
[White "Dittmar, Peter"]
[Black "Gershon, Alik"]
[Result "0-1"]
[WhiteElo "2364"]
[BlackElo "2502"]
[EventDate "2000.07.03"]
[PlyCount "88"]

1.c4 c5 2.Nc3 Nc6 3.e4 g6 4.g3 Bg7 5.Bg2 Nf6 6.Nge2 d6 7.d3 O-O 8.O-O Ne8 
9.a3 Nc7 10.Rb1 a5 11.Be3 Ne6 12.Nb5 Ned4 13.Nexd4 cxd4 14.Bd2 Bd7 15.f4 
Qb6 16.a4 Nb4 17.Bxb4 axb4 18.b3 e5 19.Qd2 Qc5 20.Ra1 Bh6 21.Kh1 f6 22.Qb2
Rf7 23.Rf2 Bc6 24.Raf1 Raf8 25.Qe2 Kh8 26.Qg4 Bd7 27.Qh4 Bg7 28.Bh3 f5 29.
fxe5 dxe5 30.exf5 gxf5 31.Qh5 Qc6+ 32.Bg2 Qb6 33.Be4 Qg6 34.Qxg6 hxg6 35.
Bd5 Re7 36.Re1 Bf6 37.Rfe2 e4 38.dxe4 d3 39.Re3 fxe4 40.Rxe4 Rxe4 41.Bxe4 
d2 42.Rf1 Re8 43.Bf3 Re1 44.Kg1 Bh3 0-1

[Event "1st EUR-ch"]
[Site "Saint Vincent ITA"]
[Date "2000.07.06"]
[Round "4"]
[White "Epishin, Vladimir"]
[Black "Fedorov, Alexei"]
[Result "0-1"]
[WhiteElo "2567"]
[BlackElo "2646"]
[EventDate "2000.07.03"]
[PlyCount "64"]

1.d4 Nf6 2.c4 g6 3.Nc3 Bg7 4.e4 d6 5.Nf3 O-O 6.Be2 e5 7.O-O Nc6 8.d5 Ne7 
9.b4 Nh5 10.Qc2 a5 11.bxa5 Rxa5 12.Re1 c5 13.dxc6 bxc6 14.Be3 Nf4 15.Rad1 
Bg4 16.Bxf4 exf4 17.Nd4 h5 18.Qd2 Qb6 19.h3 Bc8 20.Nb3 Ra7 21.Bf3 Be6 22.
Ne2 Be5 23.c5 dxc5 24.Nxf4 Rxa2 25.Qxa2 Bxb3 26.Qd2 Bxd1 27.Rxd1 c4 28.Ne2
Rb8 29.g3 Qb3 30.Kg2 c3 31.Qd7 Kf8 32.Qa7 Qxd1 0-1

[Event "1st EUR-ch"]
[Site "Saint Vincent ITA"]
[Date "2000.07.06"]
[Round "4"]
[White "Franco Ocampos, Zenon"]
[Black "Shirazi, Kamran"]
[Result "1-0"]
[WhiteElo "2512"]
[BlackElo "2414"]
[EventDate "2000.07.03"]
[PlyCount "39"]

1.c4 e5 2.g3 Nc6 3.Bg2 a6 4.Nc3 Rb8 5.Nf3 b5 6.d4 f6 7.O-O bxc4 8.dxe5 
fxe5 9.Nd2 Na5 10.f4 exf4 11.e3 Nf6 12.Nde4 f3 13.Qxf3 Nc6 14.Nd5 Be7 15.
Nexf6+ Bxf6 16.Qh5+ Kf8 17.e4 Kg8 18.e5 Nxe5 19.Nxf6+ gxf6 20.Bd5+ 1-0

[Event "1st EUR-ch"]
[Site "Saint Vincent ITA"]
[Date "2000.07.06"]
[Round "4"]
[White "Fressinet, Laurent"]
[Black "Miljanic, Boro"]
[Result "1-0"]
[WhiteElo "2536"]
[BlackElo "2401"]
[EventDate "2000.07.03"]
[PlyCount "68"]

1.e4 d5 2.exd5 Qxd5 3.Nc3 Qd8 4.d4 Nf6 5.Nf3 c6 6.Bc4 b5 7.Bb3 e6 8.O-O 
Be7 9.Ne5 O-O 10.Re1 a5 11.a4 b4 12.Ne2 Nd5 13.Nf4 Bg5 14.Qg4 Bxf4 15.Bxf4
f6 16.Bxd5 cxd5 17.Qg3 Qb6 18.Nd3 Nc6 19.c3 bxc3 20.bxc3 Ne7 21.Bc7 Qa7 
22.Qd6 Nf5 23.Qc5 Bd7 24.Qxa7 Rxa7 25.Bb6 Raa8 26.Nc5 Rf7 27.Nxd7 Rxd7 28.
Rxe6 Nd6 29.f3 Nc4 30.Bc5 Rb8 31.h4 h5 32.Rae1 Rbb7 33.g4 hxg4 34.fxg4 Nd2
1-0

[Event "1st EUR-ch"]
[Site "Saint Vincent ITA"]
[Date "2000.07.06"]
[Round "4"]
[White "Galego, Luis"]
[Black "Gdanski, Jacek"]
[Result "1/2-1/2"]
[WhiteElo "2419"]
[BlackElo "2557"]
[EventDate "2000.07.03"]
[PlyCount "25"]

1.d4 g6 2.e4 Bg7 3.Nc3 c5 4.dxc5 Bxc3+ 5.bxc3 Qa5 6.Qd4 Nf6 7.Qb4 Qc7 8.
Nf3 Nc6 9.Qa4 Ne5 10.Qd4 Nc6 11.Qa4 Ne5 12.Qd4 Nc6 13.Qa4 1/2-1/2

[Event "1st EUR-ch"]
[Site "Saint Vincent ITA"]
[Date "2000.07.06"]
[Round "4"]
[White "Hertneck, Gerald"]
[Black "Galkin, Alexander"]
[Result "1-0"]
[WhiteElo "2541"]
[BlackElo "2587"]
[EventDate "2000.07.03"]
[PlyCount "85"]

1.d4 d5 2.c4 e6 3.Nf3 c6 4.Nbd2 Nf6 5.g3 Nbd7 6.Bg2 Be7 7.O-O O-O 8.Qc2 b6
9.e4 Bb7 10.e5 Ne8 11.b3 Rc8 12.Bb2 c5 13.Rac1 Nc7 14.Rfd1 cxd4 15.Nxd4 
Bc5 16.f4 Qe7 17.Nf3 Rfd8 18.Kh1 dxc4 19.Ng5 Bxg2+ 20.Kxg2 Nf8 21.Nc6 Qe8 
22.Nxd8 cxb3 23.axb3 Rxd8 24.b4 Nd5 25.Rxd5 Rxd5 26.bxc5 Rxc5 27.Qe4 Rxc1 
28.Bxc1 h6 29.Nf3 Qc8 30.Ba3 Nd7 31.g4 b5 32.f5 Nb6 33.fxe6 Qxe6 34.Bc5 a5
35.Nd4 Qa2+ 36.Kg3 Nd7 37.Bd6 Qc4 38.Qa8+ Kh7 39.Nf3 a4 40.Qb7 a3 41.Qxd7 
a2 42.Qa7 h5 43.gxh5 1-0

[Event "1st EUR-ch"]
[Site "Saint Vincent ITA"]
[Date "2000.07.06"]
[Round "4"]
[White "Kempinski, Robert"]
[Black "Manca, Federico"]
[Result "1-0"]
[WhiteElo "2498"]
[BlackElo "2396"]
[EventDate "2000.07.03"]
[PlyCount "123"]

1.d4 Nf6 2.c4 g6 3.Nc3 Bg7 4.Nf3 d6 5.Bg5 O-O 6.e3 Nbd7 7.Be2 e5 8.Qc2 c6 
9.O-O h6 10.Bh4 Qc7 11.Rfd1 Re8 12.b4 exd4 13.Nxd4 a5 14.a3 axb4 15.axb4 
Rxa1 16.Rxa1 Ne5 17.h3 Nh7 18.Rd1 f5 19.Bg3 Qf7 20.Na4 Nf6 21.Nb6 Be6 22.
c5 dxc5 23.Nxe6 Qxe6 24.Nc4 Nxc4 25.Bxc4 Nd5 26.bxc5 Rd8 27.Qb3 Rd7 28.Bd6
Kh7 29.Bxd5 cxd5 30.Qxd5 Qxd5 31.Rxd5 Bf8 32.g4 b6 33.Rd4 bxc5 34.Bxc5 Rf7
35.Bxf8 Rxf8 36.Rd7+ Kg8 37.Kg2 g5 38.gxf5 Rxf5 39.Kg3 Rf6 40.h4 gxh4+ 41.
Kg2 h3+ 42.Kg3 h2 43.Rd1 h5 44.Rh1 h4+ 45.Kg2 Rg6+ 46.Kxh2 Kf7 47.Kh3 Ke6 
48.Ra1 Ke5 49.Kxh4 Ke4 50.Ra4+ Kf3 51.Rf4+ Ke2 52.e4 Kd3 53.Kh5 Rg1 54.f3 
Ke3 55.Rf5 Rg2 56.e5 Kd4 57.f4 Ke4 58.Rf6 Kd5 59.Kh6 Rg1 60.e6 Kd6 61.f5 
Rg2 62.Rf7 1-0